000 00404nam a2200145Ia 4500
008 151213s9999 xx 000 0 und d
100 _aJoseph Conard
245 _aJoseph Conard The Nigger of The Narcissus / Typhoon
_cJoseph Conard
260 _aLondon
_bPenguing
_c1897
300 _a8380 p.
650 _aEnglish Literature
650 _aEnglish Literature
700 _aJoseph Conard
999 _c4218
_d4218